• 首页
  • 本馆介绍
  • 公告通知
  • 最新文献
  • 馆藏检索
  • 电子资源
  • 读者导购
  • 参考咨询
  • 我的图书馆
  • 登录
  • 详细信息显示
  • 放入我的书架
  • 预约/预借图书
  • 作者相关作品
  • 分类相关作品
  • 丛书相关作品
  • 出版社相关作品

书目信息

  • 表格格式
  • 工作单格式
  • 卡片格式
题名:
统计物理学
    
 
作者: 熊吟涛 编
分册:  
出版信息: 北京   人民教育出版社  1981.12
页数: 271页
开本: 20cm
丛书名:
单 册:
中图分类: O414.2
科图分类:
主题词: 统计物理学
电子资源:
ISBN:
000 00529nam0 2200205 45
001 0312221749
005 20060731160307.07
010    @dCNY0.83
091    @a13012.0697
100    @a20031222d1981 km y0chiy0120 ea
101    @achi
200 1  @a统计物理学@ATong Ji Wu Li Xue@f熊吟涛编@FXiong Yin Tao Bian
210    @a北京@c人民教育出版社@d1981.12
215    @a271页@d20cm
300    @a高等学校试用教材
606 0  @a统计物理学
690    @aO414.2@v3
701 0  @a熊吟涛@4编
801    @aCN@bTSTCL@c20060731
905    @dO414.2@e28
    
    统计物理学/熊吟涛编.-北京:人民教育出版社,1981.12
    271页;20cm
    高等学校试用教材
    
    ISBN :CNY0.83
    
●
相关链接 在E读中查询图书 在五车中查询图书 在当当中查询图书 在豆瓣中查询图书


正题名:统计物理学     索取号:O414.2/28         预约/预借

序号 登录号 条形码 馆藏地/架位号 状态 备注
1 0094847   001054021   第三借阅区/ [索取号:O414.2/28] 在馆    
2 0094848   001053996   第三借阅区/ [索取号:O414.2/28] 在馆    
3 0094849   202097667   第二样本阅览室/ [索取号:O414.2/28] 在馆    
4 0422024   204220244   密集书库/ [索取号:O414.2/28] 在馆    
5 0432422   204324221   密集书库/ [索取号:O414.2/28] 在馆    
6 0434181   204341818   密集书库/ [索取号:O414.2/28] 在馆    
7 0434182   204341827   密集书库/ [索取号:O414.2/28] 在馆    
唐山师范学院图书馆 欢迎您!
大连网信软件有限公司© 版权所有